[Event "Madrid ch Veteranos 2324"]
[Site "Madrid ESP"]
[Date "2024.03.12"]
[Round "2.6"]
[White "Martin Rodriguez, Emilio"]
[Black "Rodriguez Valdeavero, Julio Cesa"]
[Result "1-0"]
[WhiteElo "1998"]
[BlackElo "1887"]
[PlyCount "88"]
[EventDate "2024.03.11"]
[EventType "swiss"]
[EventRounds "9"]
[EventCountry "ESP"]
[SourceTitle "Ajedrez en Madrid"]
[Source "lmi"]
[SourceDate "2024.03.11"]
[SourceVersion "1"]
[SourceVersionDate "2024.03.23"]
[SourceQuality "1"]

1. d4 Nf6 2. Nf3 e6 3. Bg5 c5 4. e3 Be7 5. Nbd2 b6 6. Bd3 Bb7 7. c3 d6 8. Qe2
Qc7 9. O-O O-O 10. e4 e5 11. a4 Re8 12. d5 Ng4 13. h3 Bxg5 14. Nxg5 Nf6 15. a5
Nbd7 16. Ra3 Nf8 17. Rfa1 h6 18. Ngf3 Bc8 19. axb6 Qxb6 20. Nc4 Qc7 21. Na5 Ng6
22. Bb5 Nf4 23. Qe3 Rf8 24. Nc6 Qb6 25. Ne7+ Kh8 26. Nxc8 Rfxc8 27. c4 a5 28.
b4 a4 29. Rxa4 Rxa4 30. Rxa4 Qd8 31. bxc5 Rxc5 32. Nxe5 dxe5 33. Qxc5 Nxe4 34.
Qe3 Qg5 35. Qxe4 Nxh3+ 36. Kh2 f5 37. Ra8+ Kh7 38. Qe1 Nf4 39. g3 Qh5+ 40. Kg1
Nh3+ 41. Kg2 Qg4 42. Qxe5 Ng5 43. Qf4 Qh3+ 44. Kg1 Qh5 1-0

[Event "Madrid ch Veteranos 2324"]
[Site "Madrid ESP"]
[Date "2024.03.12"]
[Round "2.7"]
[White "Vukotic Jovsic, Dragan"]
[Black "Unciti Juan, Javier"]
[Result "0-1"]
[WhiteElo "1882"]
[BlackElo "1959"]
[PlyCount "50"]
[EventDate "2024.03.11"]
[EventType "swiss"]
[EventRounds "9"]
[EventCountry "ESP"]
[SourceTitle "Ajedrez en Madrid"]
[Source "lmi"]
[SourceDate "2024.03.11"]
[SourceVersion "1"]
[SourceVersionDate "2024.03.23"]
[SourceQuality "1"]

1. d4 d6 2. Nf3 f5 3. Bf4 Nf6 4. h3 g6 5. e3 Bg7 6. Bc4 e6 7. c3 O-O 8. Qb3 Qe7
9. Nbd2 Nc6 10. Ng5 Re8 11. Bb5 Bd7 12. O-O a6 13. Be2 h6 14. Ngf3 Kh7 15. Qxb7
e5 16. dxe5 dxe5 17. Nxe5 Nxe5 18. Qxc7 Nd5 19. Qa5 Nxf4 20. exf4 Nc6 21. Qd5
Qxe2 22. Qxd7 Rad8 23. Qxc6 Re6 24. Rae1 Qxe1 25. Rxe1 Rxc6 0-1

[Event "Madrid ch Veteranos 2324"]
[Site "Madrid ESP"]
[Date "2024.03.12"]
[Round "2.8"]
[White "Pastor Alonso De Prado, Alberto"]
[Black "Lopez Molina, Santiago Jorge"]
[Result "1-0"]
[WhiteElo "1951"]
[BlackElo "1881"]
[PlyCount "37"]
[EventDate "2024.03.11"]
[EventType "swiss"]
[EventRounds "9"]
[EventCountry "ESP"]
[SourceTitle "Ajedrez en Madrid"]
[Source "lmi"]
[SourceDate "2024.03.11"]
[SourceVersion "1"]
[SourceVersionDate "2024.03.23"]
[SourceQuality "1"]

1. e4 Nf6 2. e5 Nd5 3. c4 Nb6 4. c5 Nd5 5. Nc3 e6 6. Qg4 d6 7. cxd6 cxd6 8. Nf3
Nd7 9. d4 Nb4 10. Bg5 Qa5 11. Qe4 dxe5 12. dxe5 Nc5 13. Qb1 Nb3 14. Bb5+ Bd7
15. Bxd7+ Kxd7 16. Qd1+ Kc7 17. Qxb3 Nd3+ 18. Ke2 Nxe5 19. Nb5+ 1-0

[Event "Madrid ch Veteranos 2324"]
[Site "Madrid ESP"]
[Date "2024.03.12"]
[Round "2.9"]
[White "Quintero Torres, Pedro"]
[Black "Sanchez Peral, Pedro"]
[Result "0-1"]
[WhiteElo "1948"]
[BlackElo "1875"]
[PlyCount "80"]
[EventDate "2024.03.11"]
[EventType "swiss"]
[EventRounds "9"]
[EventCountry "ESP"]
[SourceTitle "Ajedrez en Madrid"]
[Source "lmi"]
[SourceDate "2024.03.11"]
[SourceVersion "1"]
[SourceVersionDate "2024.03.23"]
[SourceQuality "1"]

1. e4 e6 2. Qe2 c5 3. Nf3 Nc6 4. g3 g6 5. Bg2 Bg7 6. O-O Nge7 7. c3 O-O 8. d3
d5 9. Be3 b6 10. Na3 Ba6 11. exd5 Nxd5 12. Qc2 Nxe3 13. fxe3 Bxd3 14. Qa4 Bxf1
15. Rxf1 Rc8 16. Qe4 Qd5 17. Qxd5 exd5 18. Rd1 Rfd8 19. Nc2 Ne7 20. g4 f5 21.
h3 fxg4 22. hxg4 h6 23. Kf2 Rf8 24. Ke2 Rcd8 25. Na3 a6 26. Nc2 Rd6 27. Na3
Rfd8 28. Nc2 Nc6 29. Kf2 d4 30. exd4 cxd4 31. Ncxd4 Nxd4 32. cxd4 Bxd4+ 33. Ke2
Bxb2 34. Rh1 Kg7 35. Rb1 Bf6 36. Rc1 Bd4 37. Rc7+ R8d7 38. Rc8 Bc5 39. Re8 Rf6
40. g5 hxg5 0-1

[Event "Madrid ch Veteranos 2324"]
[Site "Madrid ESP"]
[Date "2024.03.12"]
[Round "2.10"]
[White "Pashov, Spas Nikolov"]
[Black "Lopez de Turiso Sanchez, Jose An"]
[Result "1-0"]
[WhiteElo "1881"]
[BlackElo "1940"]
[PlyCount "99"]
[EventDate "2024.03.11"]
[EventType "swiss"]
[EventRounds "9"]
[EventCountry "ESP"]
[SourceTitle "Ajedrez en Madrid"]
[Source "lmi"]
[SourceDate "2024.03.11"]
[SourceVersion "1"]
[SourceVersionDate "2024.03.23"]
[SourceQuality "1"]

1. e4 e6 2. d4 d5 3. Nd2 c5 4. exd5 Qxd5 5. dxc5 Bxc5 6. Ngf3 Nf6 7. Bc4 Qd6 8.
O-O Nc6 9. Nb3 Qxd1 10. Rxd1 Bb6 11. Bg5 Ne4 12. Bh4 h6 13. Bb5 O-O 14. Bxc6
bxc6 15. Nbd2 Nd6 16. Be7 Nf5 17. Bxf8 Kxf8 18. Ne5 f6 19. Nec4 Bc7 20. Ne4 Ne7
21. Ncd6 Nd5 22. c4 Nb6 23. Nxc8 Rxc8 24. b3 Ke7 25. Rd2 f5 26. Nc5 Bd6 27. Nd3
Nd7 28. Rad1 Nf6 29. f3 g5 30. g3 h5 31. Kg2 g4 32. Nf2 Bb4 33. Re2 Kf7 34. h3
gxf3+ 35. Kxf3 Rg8 36. Rg1 Bc5 37. Rg2 Rd8 38. g4 hxg4+ 39. hxg4 Bxf2 40. Rexf2
Nxg4 41. Rd2 Ne5+ 42. Kf4 Ng6+ 43. Ke3 Ra8 44. Rd7+ Kf6 45. Rc7 Ne7 46. Rh2 e5
47. Rh7 Re8 48. Rxa7 f4+ 49. Ke4 Nf5 50. Rhf7+ 1-0

[Event "Madrid ch Veteranos 2324"]
[Site "Madrid ESP"]
[Date "2024.03.12"]
[Round "2.11"]
[White "Alonso Abad, Enrique"]
[Black "Pareja Vicente, Antonio"]
[Result "1-0"]
[WhiteElo "1939"]
[BlackElo "1869"]
[PlyCount "139"]
[EventDate "2024.03.11"]
[EventType "swiss"]
[EventRounds "9"]
[EventCountry "ESP"]
[SourceTitle "Ajedrez en Madrid"]
[Source "lmi"]
[SourceDate "2024.03.11"]
[SourceVersion "1"]
[SourceVersionDate "2024.03.23"]
[SourceQuality "1"]

1. d4 Nf6 2. Bf4 e6 3. e3 b6 4. Nf3 Bb7 5. Bd3 Bb4+ 6. c3 Be7 7. h3 h6 8. O-O
O-O 9. Nbd2 d5 10. Qc2 Nbd7 11. e4 dxe4 12. Nxe4 c5 13. Rad1 Qc8 14. Qe2 Nxe4
15. Bxe4 Bxe4 16. Qxe4 Nf6 17. Qe2 c4 18. d5 Bc5 19. dxe6 Qxe6 20. Qxe6 fxe6
21. Bd6 Rfc8 22. Rfe1 Bxd6 23. Rxd6 Re8 24. Rdxe6 Rxe6 25. Rxe6 Rd8 26. Nd4 Rd5
27. Rc6 b5 28. Rc8+ Kh7 29. Rc7 a6 30. Ra7 a5 31. Rxa5 b4 32. Rxd5 Nxd5 33. Ne2
bxc3 34. bxc3 Kg6 35. Kf1 Kf5 36. Ke1 Ke4 37. Kd2 Nb6 38. Ng3+ Ke5 39. Ke3 Nd5+
40. Kd2 Nf4 41. Nf1 Nxg2 42. Ne3 Nf4 43. Nxc4+ Kd5 44. Ne3+ Kc5 45. h4 h5 46.
a4 Ng6 47. Nf5 Ne5 48. Nxg7 Nf3+ 49. Kd3 Nxh4 50. Nxh5 Nf3 51. Ke3 Ne5 52. f4
Nc4+ 53. Ke4 Nd6+ 54. Ke5 Nc4+ 55. Ke6 Nb6 56. f5 Nxa4 57. f6 Kc6 58. f7 Nc5+
59. Ke7 Nd7 60. Nf6 Ne5 61. Ne4 Ng6+ 62. Ke8 Kd5 63. Nd2 Ke6 64. f8=Q Nxf8 65.
Kxf8 Kf6 66. c4 Ke6 67. Ne4 Kd7 68. Kf7 Kc7 69. Ke6 Kc6 70. Ke5 1-0

[Event "Madrid ch Veteranos 2324"]
[Site "Madrid ESP"]
[Date "2024.03.12"]
[Round "2.12"]
[White "Fernandez Garcia, Ignacio"]
[Black "Vazquez Gonzalez, Jesus"]
[Result "1/2-1/2"]
[WhiteElo "1873"]
[BlackElo "1939"]
[PlyCount "28"]
[EventDate "2024.03.11"]
[EventType "swiss"]
[EventRounds "9"]
[EventCountry "ESP"]
[SourceTitle "Ajedrez en Madrid"]
[Source "lmi"]
[SourceDate "2024.03.11"]
[SourceVersion "1"]
[SourceVersionDate "2024.03.23"]
[SourceQuality "1"]

1. d4 c5 2. d5 e5 3. e4 d6 4. Nc3 g6 5. h4 h6 6. g4 Bg7 7. h5 g5 8. f3 a6 9.
Nge2 b5 10. Ng3 Ne7 11. Bd2 Nd7 12. a4 b4 13. Nce2 a5 14. c4 Nb6 1/2-1/2

[Event "Madrid ch Veteranos 2324"]
[Site "Madrid ESP"]
[Date "2024.03.12"]
[Round "2.13"]
[White "Martin Martin, Luis Vicente"]
[Black "Ramos Antona, Enrique"]
[Result "1-0"]
[WhiteElo "1938"]
[BlackElo "1736"]
[PlyCount "109"]
[EventDate "2024.03.11"]
[EventType "swiss"]
[EventRounds "9"]
[EventCountry "ESP"]
[SourceTitle "Ajedrez en Madrid"]
[Source "lmi"]
[SourceDate "2024.03.11"]
[SourceVersion "1"]
[SourceVersionDate "2024.03.23"]
[SourceQuality "1"]

1. c4 Nf6 2. Nf3 e6 3. Nc3 d5 4. e3 c6 5. b3 Nbd7 6. Bb2 b6 7. Be2 Bd6 8. cxd5
cxd5 9. Nb5 Qe7 10. Qc1 O-O 11. Nxd6 Qxd6 12. Ba3 Qb8 13. Bxf8 Kxf8 14. Qa3+
Kg8 15. Qe7 h6 16. d4 a6 17. Rc1 Bb7 18. O-O Qd8 19. Qxd8+ Rxd8 20. Rc7 Rb8 21.
Rfc1 Kf8 22. Bd3 Ke8 23. Kf1 Kd8 24. Ke2 Ne8 25. R7c2 Rc8 26. Rxc8+ Bxc8 27.
Ne1 Nd6 28. Nc2 Nb8 29. f3 Kd7 30. e4 Nb5 31. Bxb5+ axb5 32. exd5 exd5 33. Nb4
Bb7 34. Kd3 Kd6 35. Re1 Nc6 36. Nxc6 Bxc6 37. Kc3 f6 38. Kb4 Bd7 39. f4 g5 40.
fxg5 hxg5 41. g3 g4 42. Rf1 f5 43. Kc3 Ke7 44. b4 Kf6 45. Kd3 Kg5 46. Ke3 Kf6
47. Kf4 Ke7 48. h4 gxh3 49. Rh1 Kd6 50. Rxh3 Kc6 51. Ke5 Kc7 52. Rh7 Kc6 53.
Rxd7 Kxd7 54. Kxf5 Kd6 55. Kf6 1-0

[Event "Madrid ch Veteranos 2324"]
[Site "Madrid ESP"]
[Date "2024.03.12"]
[Round "2.14"]
[White "Ruiz Quevedo, Andres"]
[Black "Lorenzo Bailador, Alfredo"]
[Result "0-1"]
[WhiteElo "1865"]
[BlackElo "1935"]
[PlyCount "86"]
[EventDate "2024.03.11"]
[EventType "swiss"]
[EventRounds "9"]
[EventCountry "ESP"]
[SourceTitle "Ajedrez en Madrid"]
[Source "lmi"]
[SourceDate "2024.03.11"]
[SourceVersion "1"]
[SourceVersionDate "2024.03.23"]
[SourceQuality "1"]

1. Nf3 d5 2. g3 c6 3. Bg2 Bf5 4. O-O e6 5. d3 Nf6 6. c4 h6 7. Be3 Nbd7 8. Qb3
Qc7 9. cxd5 exd5 10. Nc3 Bc5 11. d4 Bd6 12. Rfc1 Qb6 13. Na4 Qxb3 14. axb3 O-O
15. Bf4 Ne4 16. Bxd6 Nxd6 17. b4 Rfe8 18. e3 a6 19. Nc5 Rab8 20. Nh4 Be6 21.
Nf3 Bf5 22. Nh4 Bg4 23. h3 Be6 24. Nf3 Bf5 25. g4 Be6 26. Ne1 f5 27. Nxe6 Rxe6
28. Nd3 fxg4 29. hxg4 Nf6 30. Ne5 Nf7 31. Bh3 Nxe5 32. g5 Nf3+ 33. Kg2 Nh4+ 34.
Kg3 Ne4+ 35. Kxh4 hxg5+ 36. Kg4 Nxf2+ 37. Kg3 Nxh3 38. Kxh3 Rxe3+ 39. Kg4 Re4+
40. Kxg5 Rxd4 41. b5 axb5 42. Rf1 Re4 43. Rf5 Rf8 0-1

[Event "Madrid ch Veteranos 2324"]
[Site "Madrid ESP"]
[Date "2024.03.12"]
[Round "2.15"]
[White "Infante Martin, Alonso"]
[Black "Ruiz Bellon, Manuel"]
[Result "0-1"]
[WhiteElo "1618"]
[BlackElo "1932"]
[PlyCount "56"]
[EventDate "2024.03.11"]
[EventType "swiss"]
[EventRounds "9"]
[EventCountry "ESP"]
[SourceTitle "Ajedrez en Madrid"]
[Source "lmi"]
[SourceDate "2024.03.11"]
[SourceVersion "1"]
[SourceVersionDate "2024.03.23"]
[SourceQuality "1"]

1. d4 g6 2. Nf3 d6 3. c3 Bg7 4. Nbd2 e5 5. e3 Nc6 6. d5 Nce7 7. e4 f5 8. Bb5+
c6 9. dxc6 bxc6 10. Bc4 fxe4 11. Ng5 d5 12. Bb3 Nf6 13. c4 h6 14. Nh3 Bxh3 15.
gxh3 O-O 16. Nf1 Qd7 17. Rg1 Qxh3 18. Rg3 Qh4 19. Qe2 d4 20. Bd2 d3 21. Qe3 Nf5
22. Rh3 Nxe3 23. Rxh4 Ng2+ 24. Kd1 Nxh4 25. h3 Nf3 26. Be3 Nd4 27. Bxd4 exd4
28. Ng3 h5 0-1

[Event "Madrid ch Veteranos 2324"]
[Site "Madrid ESP"]
[Date "2024.03.12"]
[Round "2.17"]
[White "Vazquez Gonzalez, Francisco"]
[Black "Martinez Pintor, Juan"]
[Result "1-0"]
[WhiteElo "1918"]
[BlackElo "1728"]
[PlyCount "43"]
[EventDate "2024.03.11"]
[EventType "swiss"]
[EventRounds "9"]
[EventCountry "ESP"]
[SourceTitle "Ajedrez en Madrid"]
[Source "lmi"]
[SourceDate "2024.03.11"]
[SourceVersion "1"]
[SourceVersionDate "2024.03.23"]
[SourceQuality "1"]

1. e4 e6 2. Bd3 d5 3. c3 c5 4. Bc2 Nc6 5. f4 dxe4 6. Bxe4 Nf6 7. Bc2 e5 8. d3
Bd6 9. Ne2 O-O 10. O-O Qe7 11. f5 b6 12. Ng3 Bb7 13. Bg5 Kh8 14. Ne4 Qd8 15.
Bxf6 gxf6 16. Qh5 Bc7 17. Qh6 Rg8 18. Nxf6 Rg7 19. Nh5 Qg5 20. Qxg7+ Qxg7 21.
Nxg7 Kxg7 22. Nd2 1-0

[Event "Madrid ch Veteranos 2324"]
[Site "Madrid ESP"]
[Date "2024.03.12"]
[Round "2.18"]
[White "Camarero Izquierdo, Juan Carlos"]
[Black "Prada Lopez, Miguel Angel"]
[Result "0-1"]
[WhiteElo "1813"]
[BlackElo "2048"]
[PlyCount "140"]
[EventDate "2024.03.11"]
[EventType "swiss"]
[EventRounds "9"]
[EventCountry "ESP"]
[SourceTitle "Ajedrez en Madrid"]
[Source "lmi"]
[SourceDate "2024.03.11"]
[SourceVersion "1"]
[SourceVersionDate "2024.03.23"]
[SourceQuality "1"]

1. d4 e6 2. e4 d5 3. e5 c5 4. c3 Nc6 5. Nf3 Qb6 6. Bd3 Bd7 7. dxc5 Bxc5 8. O-O
a5 9. Nbd2 a4 10. Qe2 Nge7 11. Ng5 Ng6 12. Ndf3 Be7 13. c4 dxc4 14. Bxc4 h6 15.
Nh3 Nd4 16. Nxd4 Qxd4 17. Be3 Qxe5 18. Rad1 Bc6 19. f4 Qc7 20. f5 exf5 21. Rxf5
O-O 22. Rdf1 Be8 23. b3 Ra5 24. Qh5 Rxf5 25. Rxf5 axb3 26. Bxb3 Qc3 27. Qe2 Bd7
28. Rf1 Bxh3 29. gxh3 Bc5 30. Rf3 Nf4 31. Qf2 Bxe3 32. Qxe3 Qxe3+ 33. Rxe3 Ng6
34. Bd5 b6 35. Rb3 Rd8 36. Bc6 Rd1+ 37. Kf2 Rd2+ 38. Kg3 Ne5 39. Be4 Rxa2 40.
Rxb6 g6 41. h4 Kg7 42. Rb7 Rd2 43. h3 Rd7 44. Rb5 Nc4 45. Bc6 Rd3+ 46. Kh2 Nd6
47. Ra5 Rd2+ 48. Kg1 h5 49. Ra4 Nf5 50. Rf4 Nd4 51. Bf3 Rd3 52. Kf2 Rxf3+ 53.
Rxf3 Nxf3 54. Kxf3 Kf6 55. Kf4 Ke6 56. Ke4 f6 57. Ke3 Ke5 58. Kf3 f5 59. Ke3
f4+ 60. Kd3 Kd5 61. Ke2 Ke4 62. Kf2 f3 63. Kf1 Ke3 64. Ke1 Ke4 65. Kf1 Kf5 66.
Kg1 g5 67. hxg5 Kxg5 68. Kf2 Kf4 69. h4 Kg4 70. Kg1 Kxh4 0-1

[Event "Madrid ch Veteranos 2324"]
[Site "Madrid ESP"]
[Date "2024.03.12"]
[Round "2.19"]
[White "Herrero Reques, Sergio"]
[Black "San Segundo Ortiz, Fernando"]
[Result "1-0"]
[WhiteElo "2008"]
[BlackElo "1813"]
[PlyCount "109"]
[EventDate "2024.03.11"]
[EventType "swiss"]
[EventRounds "9"]
[EventCountry "ESP"]
[SourceTitle "Ajedrez en Madrid"]
[Source "lmi"]
[SourceDate "2024.03.11"]
[SourceVersion "1"]
[SourceVersionDate "2024.03.23"]
[SourceQuality "1"]

1. Nf3 Nf6 2. g3 d6 3. d4 g6 4. Bg2 Bg7 5. O-O O-O 6. b3 c6 7. Bb2 b5 8. Nbd2
Bb7 9. c4 a6 10. Qc2 Nbd7 11. e4 e6 12. e5 dxe5 13. dxe5 Ne8 14. Rad1 Qc7 15.
Rfe1 c5 16. Ne4 b4 17. Rxd7 Qxd7 18. Nxc5 Qc7 19. Nxb7 Qxb7 20. Ng5 Qa7 21.
Bxa8 Qxa8 22. Qe4 Qd8 23. Nf3 h5 24. Nd4 a5 25. Kg2 Kh7 26. Nc6 Qc7 27. Rd1 Rg8
28. Nd8 Bh6 29. Qb7 Rf8 30. Rd7 Qxb7+ 31. Nxb7 Ng7 32. Bd4 Bc1 33. Bc5 Rc8 34.
Rxf7 Kg8 35. Rd7 Rc6 36. Rd8+ Kh7 37. Bd6 Nf5 38. Nxa5 Ra6 39. Bxb4 Bb2 40. f4
g5 41. Kf3 Nd4+ 42. Ke4 Nc2 43. Bd2 gxf4 44. gxf4 Ba3 45. Rb8 Kg6 46. b4 Bxb4
47. Bxb4 Nxb4 48. Rxb4 Rxa5 49. a4 h4 50. h3 Rc5 51. Kd4 Rc8 52. a5 Kf5 53. Ke3
Rc5 54. Ra4 Rc8 55. a6 1-0

[Event "Madrid ch Veteranos 2324"]
[Site "Madrid ESP"]
[Date "2024.03.12"]
[Round "2.20"]
[White "Rodriguez Rodriguez, Ricardo"]
[Black "Luque Ibanes, Manuel"]
[Result "0-1"]
[WhiteElo "1786"]
[BlackElo "1983"]
[PlyCount "115"]
[EventDate "2024.03.11"]
[EventType "swiss"]
[EventRounds "9"]
[EventCountry "ESP"]
[SourceTitle "Ajedrez en Madrid"]
[Source "lmi"]
[SourceDate "2024.03.11"]
[SourceVersion "1"]
[SourceVersionDate "2024.03.23"]
[SourceQuality "1"]

1. Nf3 Nf6 2. d4 g6 3. Nc3 d5 4. Bf4 Bg7 5. e3 O-O 6. h3 c5 7. dxc5 Qa5 8. Qd2
Qxc5 9. Be2 Nc6 10. Na4 Qb4 11. Qxb4 Nxb4 12. Bd3 Nd7 13. a3 Nc6 14. Bb5 Nde5
15. Nxe5 Nxe5 16. Nc3 a6 17. Be2 Be6 18. Bxe5 Bxe5 19. Nd1 b5 20. c3 Rab8 21.
f4 Bg7 22. Nf2 a5 23. Nd3 Bf5 24. O-O b4 25. axb4 Bxd3 26. Bxd3 axb4 27. Ra5 e6
28. Rc5 bxc3 29. bxc3 Rfc8 30. Rxc8+ Rxc8 31. Rc1 Bxc3 32. Rc2 d4 33. exd4
Bxd4+ 34. Kf1 Ra8 35. Ke2 h5 36. g3 Ra3 37. Rd2 Kg7 38. Rd1 Ba7 39. Rc1 Ra2+
40. Rc2 Ra1 41. Kf3 Re1 42. Re2 Rf1+ 43. Kg2 Rd1 44. Bc2 Rg1+ 45. Kf3 Rh1 46.
Kg2 Rc1 47. Bd3 Bd4 48. Rc2 Rd1 49. Bc4 Kf6 50. Kf3 Ra1 51. Rd2 Bc5 52. Ba2 Rc1
53. Re2 Rc3+ 54. Kg2 Bd6 55. Bb1 h4 56. gxh4 Bxf4 57. Re4 Rg3+ 58. Kf2 0-1

[Event "Madrid ch Veteranos 2324"]
[Site "Madrid ESP"]
[Date "2024.03.12"]
[Round "2.21"]
[White "Ramos Fernandez, Pedro"]
[Black "Arjona Anchoriz, Ignacio"]
[Result "1-0"]
[WhiteElo "1981"]
[BlackElo "1606"]
[PlyCount "63"]
[EventDate "2024.03.11"]
[EventType "swiss"]
[EventRounds "9"]
[EventCountry "ESP"]
[SourceTitle "Ajedrez en Madrid"]
[Source "lmi"]
[SourceDate "2024.03.11"]
[SourceVersion "1"]
[SourceVersionDate "2024.03.23"]
[SourceQuality "1"]

1. e4 d5 2. exd5 Nf6 3. Bb5+ Bd7 4. Be2 c6 5. dxc6 Nxc6 6. d4 e6 7. Nf3 Be7 8.
c4 O-O 9. Nc3 Bb4 10. O-O Bxc3 11. bxc3 Ne7 12. Ne5 Re8 13. Bf3 Nc6 14. Bg5 Qc8
15. Rb1 Rb8 16. Bf4 Ra8 17. g4 Re7 18. Qb3 Be8 19. Qa3 Qd8 20. g5 Nxe5 21. Bxe5
Nd7 22. Bd6 Nb6 23. Bxe7 Qc8 24. Bc5 Nxc4 25. Qb4 Nd2 26. Bxb7 Qd8 27. Be7 Qb8
28. Qd6 Nxf1 29. Kxf1 Bc6 30. Qxc6 Qxh2 31. Bxa8 Qh3+ 32. Ke1 1-0

[Event "Madrid ch Veteranos 2324"]
[Site "Madrid ESP"]
[Date "2024.03.12"]
[Round "2.22"]
[White "Hernandez Gutierrez, Jose"]
[Black "Sanchez Garcia, Aurelio"]
[Result "0-1"]
[WhiteElo "1825"]
[BlackElo "1951"]
[PlyCount "46"]
[EventDate "2024.03.11"]
[EventType "swiss"]
[EventRounds "9"]
[EventCountry "ESP"]
[SourceTitle "Ajedrez en Madrid"]
[Source "lmi"]
[SourceDate "2024.03.11"]
[SourceVersion "1"]
[SourceVersionDate "2024.03.23"]
[SourceQuality "1"]

1. d4 g6 2. Bf4 Nf6 3. Nc3 d6 4. e4 a6 5. Qd2 b5 6. f3 Nbd7 7. O-O-O Nb6 8. Bh6
b4 9. Nb1 Bxh6 10. Qxh6 a5 11. e5 Nfd5 12. Qg7 Rf8 13. Qxh7 Ne3 14. Re1 Nxf1
15. Rxf1 dxe5 16. dxe5 Qd5 17. Nh3 Qxa2 18. Qh4 Bf5 19. Nf2 Nc4 20. Nd1 O-O-O
21. Qxe7 b3 22. Nbc3 Qa1+ 23. Nb1 bxc2 0-1

[Event "Madrid ch Veteranos 2324"]
[Site "Madrid ESP"]
[Date "2024.03.12"]
[Round "2.23"]
[White "Gil Sierra, Jacinto"]
[Black "Martin-Consuegra Barrilero, Javi"]
[Result "1/2-1/2"]
[WhiteElo "1877"]
[BlackElo "1825"]
[PlyCount "68"]
[EventDate "2024.03.11"]
[EventType "swiss"]
[EventRounds "9"]
[EventCountry "ESP"]
[SourceTitle "Ajedrez en Madrid"]
[Source "lmi"]
[SourceDate "2024.03.11"]
[SourceVersion "1"]
[SourceVersionDate "2024.03.23"]
[SourceQuality "1"]

1. e4 d6 2. d4 Nf6 3. Bd3 e5 4. c3 Be7 5. Nf3 Nbd7 6. O-O O-O 7. Re1 a6 8. a4
c6 9. Nbd2 Qc7 10. Nf1 Re8 11. h3 Nf8 12. Ne3 g6 13. dxe5 dxe5 14. Nc4 N8d7 15.
a5 Bf8 16. b4 c5 17. Qb3 Nh5 18. Ne3 Nf4 19. Bc4 Nf6 20. Ng5 Ne6 21. Nd5 Nxd5
22. Nxe6 fxe6 23. exd5 exd5 24. Bxd5+ Kh8 25. Bg5 Bd7 26. Rad1 cxb4 27. cxb4
Bg7 28. Bf7 Rec8 29. Be7 Ba4 30. Qxa4 Qxe7 31. Rd7 Qf6 32. Qb3 b6 33. Bd5 Rab8
34. Rf7 Qd6 1/2-1/2

[Event "Madrid ch Veteranos 2324"]
[Site "Madrid ESP"]
[Date "2024.03.12"]
[Round "2.25"]
[White "Marin Aso, Jose Luis"]
[Black "Conchillo Roman, Jose Ignacio"]
[Result "1-0"]
[WhiteElo "1929"]
[BlackElo "1718"]
[PlyCount "73"]
[EventDate "2024.03.11"]
[EventType "swiss"]
[EventRounds "9"]
[EventCountry "ESP"]
[SourceTitle "Ajedrez en Madrid"]
[Source "lmi"]
[SourceDate "2024.03.11"]
[SourceVersion "1"]
[SourceVersionDate "2024.03.23"]
[SourceQuality "1"]

1. e4 c5 2. Nf3 d6 3. d4 cxd4 4. Nxd4 Nf6 5. Nc3 g6 6. Be2 Bg7 7. O-O O-O 8.
Bg5 Nc6 9. Nb3 a6 10. f4 b5 11. Bf3 Bb7 12. Kh1 b4 13. Na4 Na5 14. Qe1 Nxb3 15.
axb3 a5 16. Rd1 Qc7 17. Rf2 Rad8 18. c3 Rb8 19. Rc1 bxc3 20. Rxc3 Qd8 21. Rd2
Ne8 22. Rc1 Bc8 23. e5 f6 24. Bh4 fxe5 25. fxe5 Rxf3 26. gxf3 Bb7 27. exd6
Bxf3+ 28. Kg1 Qd7 29. dxe7 Bd4+ 30. Rxd4 Qxd4+ 31. Qf2 Qg4+ 32. Bg3 Rb7 33. Rf1
Rxb3 34. Nc3 h5 35. Qxf3 Qd4+ 36. Kh1 Qg7 37. Qd5+ 1-0

[Event "Madrid ch Veteranos 2324"]
[Site "Madrid ESP"]
[Date "2024.03.12"]
[Round "2.26"]
[White "Jimenez Manzano, Emiliano"]
[Black "Ubillus Carrasco, Javier"]
[Result "0-1"]
[WhiteElo "1732"]
[BlackElo "1879"]
[PlyCount "62"]
[EventDate "2024.03.11"]
[EventType "swiss"]
[EventRounds "9"]
[EventCountry "ESP"]
[SourceTitle "Ajedrez en Madrid"]
[Source "lmi"]
[SourceDate "2024.03.11"]
[SourceVersion "1"]
[SourceVersionDate "2024.03.23"]
[SourceQuality "1"]

1. e4 c5 2. Nf3 d6 3. d4 cxd4 4. c3 dxc3 5. Nxc3 a6 6. Bc4 e6 7. O-O Nc6 8. Bf4
Be7 9. Re1 e5 10. Be3 Nf6 11. a3 O-O 12. Rc1 Bg4 13. h3 Bh5 14. Qd3 Rc8 15. g4
Bg6 16. Nh4 Na5 17. Nxg6 hxg6 18. Ba2 b5 19. Nd5 Nxd5 20. exd5 Qd7 21. b4 Nb7
22. Rc6 f5 23. f3 Bh4 24. Rec1 e4 25. Qd2 Rce8 26. Rc7 Qd8 27. Rxb7 exf3 28.
Qd3 Re4 29. Rcc7 Bf6 30. g5 Be5 31. Bf2 Qxg5+ 0-1

[Event "Madrid ch Veteranos 2324"]
[Site "Madrid ESP"]
[Date "2024.03.12"]
[Round "2.27"]
[White "Garcia Galeote, Lorenzo"]
[Black "Nevado Munoz, Rafael"]
[Result "1-0"]
[WhiteElo "1860"]
[BlackElo "1710"]
[PlyCount "97"]
[EventDate "2024.03.11"]
[EventType "swiss"]
[EventRounds "9"]
[EventCountry "ESP"]
[SourceTitle "Ajedrez en Madrid"]
[Source "lmi"]
[SourceDate "2024.03.11"]
[SourceVersion "1"]
[SourceVersionDate "2024.03.23"]
[SourceQuality "1"]

1. Nf3 d5 2. c4 c6 3. cxd5 cxd5 4. d4 Nc6 5. Nc3 Nf6 6. Bf4 a6 7. e3 Bg4 8. h3
Bh5 9. g4 Bg6 10. Ne5 e6 11. h4 h6 12. Nxg6 fxg6 13. Bd3 Kf7 14. g5 hxg5 15.
Bxg5 Bb4 16. Qc2 Ne7 17. Ke2 Qa5 18. Rhg1 Nf5 19. a3 Bxc3 20. bxc3 Rac8 21.
Rgb1 Qc7 22. Rb3 Qc6 23. a4 Nh5 24. Rab1 Rc7 25. Rb6 Qd7 26. Qb3 Nd6 27. Qb4
Rc6 28. a5 Rhc8 29. Qa4 R8c7 30. Qc2 Nf5 31. R1b3 Qc8 32. Qb1 Rxc3 33. Rxc3
Rxc3 34. Rxb7+ Rc7 35. Rb8 Qd7 36. Rd8 Qc6 37. Qb8 e5 38. Rf8+ Ke6 39. Re8+ Kd6
40. Rxe5 Nf6 41. Qb4+ Kd7 42. Bxf5+ gxf5 43. Re7+ Kd8 44. Rxc7 Kxc7 45. Qb6+
Qxb6 46. axb6+ Kxb6 47. Bxf6 a5 48. Bxg7 a4 49. Bf8 1-0

[Event "Madrid ch Veteranos 2324"]
[Site "Madrid ESP"]
[Date "2024.03.12"]
[Round "2.28"]
[White "Villodre Miranda, Juan Alonso"]
[Black "Bermudez Melero, Fernando"]
[Result "1/2-1/2"]
[WhiteElo "1727"]
[BlackElo "1840"]
[PlyCount "46"]
[EventDate "2024.03.11"]
[EventType "swiss"]
[EventRounds "9"]
[EventCountry "ESP"]
[SourceTitle "Ajedrez en Madrid"]
[Source "lmi"]
[SourceDate "2024.03.11"]
[SourceVersion "1"]
[SourceVersionDate "2024.03.23"]
[SourceQuality "1"]

1. c4 f5 2. f4 Nf6 3. Nf3 b6 4. b3 Bb7 5. Bb2 e6 6. e3 Be7 7. d4 O-O 8. Nc3 Ne4
9. Nxe4 Bxe4 10. Qc2 Bb4+ 11. Nd2 Qh4+ 12. g3 Qe7 13. Rg1 d5 14. h3 Bxd2+ 15.
Qxd2 c5 16. Bd3 Nd7 17. Bxe4 dxe4 18. O-O-O Nf6 19. a4 cxd4 20. Bxd4 Rad8 21.
Bxf6 Qxf6 22. Qb2 Qe7 23. Rxd8 Rxd8 1/2-1/2